MARC

LEADER 00000nam0a2200000 4500
001 50488
005 20231031033126.0
035 |a (RuTPU)RU\TPU\book\52868 
090 |a 50488 
100 |a 20030416d1962 k y0rusy50 ca 
101 1 |a rus  |c eng 
102 |a RU 
105 |a a z 001zy 
200 1 |a Материалы для ядерных реакторов  |e пер. с англ.  |f Б. Копельман 
210 |a Москва  |c Госатомиздат  |d 1962 
215 |a 496 с.  |c ил. 
320 |a Библиогр. в конце гл. 
610 1 |a реакторы 
610 1 |a ядерная техника 
610 1 |a металлургия 
610 1 |a металлы 
610 1 |a топливо 
610 1 |a топливные элементы 
610 1 |a излучение 
610 1 |a жидкие материалы 
610 1 |a ядерное топливо 
610 1 |a регенерация 
610 1 |a стержни 
610 1 |a неметаллические материалы 
610 1 |a замедлители 
610 1 |a охладители 
610 1 |a отражатели 
675 |a 621.039.53/.54  |v 3 
700 1 |a Копельман  |b Б. 
801 1 |a RU  |b 63413507  |c 20030416  |g PSBO 
801 2 |a RU  |b 63413507  |c 20220119  |g PSBO 
900 |a Материалы ядерных реакторов 
900 |a Материалы ядерных энергетических установок 
942 |c BK